LEADER 01037nam--2200349---450- 001 990000705190203316 005 20060130132522.0 035 $a0070519 035 $aUSA010070519 035 $a(ALEPH)000070519USA01 035 $a0070519 100 $a20011023d1922----km-y0itay0103----ba 101 $aita 102 $aIT 105 $a||||||||001yy 200 1 $aGiustizia ed altre poesie politiche e sociali$eLeone-Le epistole 205 $a7.ed. 210 $aMilano [etc.]$cRemo Sandron$d1922 215 $a160 p.$d17 cm 676 $a851.8 700 1$aRAPISARDI,$bMario$0161794 912 $a990000705190203316 951 $aVI.3.A. 1788(V A 1285)$b36517 L.M.$cV A$d00076352 959 $aBK 969 $aUMA 979 $aPAOLA$b40$c20011023$lUSA01$h1850 979 $aPAOLA$b40$c20011023$lUSA01$h2257 979 $c20020403$lUSA01$h1719 979 $aPATRY$b90$c20040406$lUSA01$h1648 979 $aCOPAT1$b90$c20060130$lUSA01$h1325 996 $aGiustizia ed altre poesie politiche e sociali$9961651 997 $aUNISA LEADER 01107nam0-2200397---450 001 990009110330403321 005 20230906093456.0 010 $a978-88-420-8570-6 035 $a000911033 035 $aFED01000911033 035 $a(Aleph)000911033FED01 035 $a000911033 100 $a20091029d2008----km-y0itay50------ba 101 1 $aita 102 $aIT 105 $a--------001yy 200 1 $aVita liquida$fZygmunt Bauman$gtraduzione di Marco Cupellaro 205 $a4 ed. 210 $aBari$cGLF Laterza$d©2008 215 $aXXIII, 188 p.$d21 cm 225 1 $aEconomica Laterza$v455 300 $acontiene indice analitico 610 0 $aSocietą$aSec. 20 676 $a301.04$v21$zita 676 $a306.0904$v21$zita 700 1$aBauman,$bZygmunt$f<1925- >$0124491 702 1$aCupellaro,$bMarco 801 0$aIT$bUNINA$gRICA$2UNIMARC 901 $aBK 912 $a990009110330403321 952 $a301.01 BAU 7$b4687$fBFS 952 $a301.01 BAU 7 BIS$b4755$fbfs 952 $a301.01 BAU 7 TER$b10327$fbfs 959 $aBFS 996 $aLiquid life$914166 997 $aUNINA